000 00939nam a2200229 i 4500
001 184787
003 ES-MaACL
005 20231118191709.0
008 160104s2013 sp aeo |||| | spa d
020 _a978-84-441-0303-7
080 _a692:502.17(460.27 Pozuelo)
245 0 0 _aCREAS
_b: construcción sostenible : Aula de Educación Ambiental, Ayuntamiento de Pozuelo de Alarcón (Madrid) /
_cAntonio Baño Nieva ... [et al.] ; coordinación del libro, Enrique Bellver Llorens y Antonio Cano Pérez.
260 _aLeón :
_bEverest,
_c[2013]
300 _a159 p. :
_bil. col., planos ;
_c22 x 29 cm.
650 7 _aEdificios sostenibles.
_9158426
650 4 _aArquitectura sostenible.
_9158429
700 1 _aBaño Nieva, Antonio.
_9158427
710 1 _aPozuelo de Alarcón.
_bAyuntamiento.
_9158428
852 _aES-MaACL
_jA-13532
_9191802
_bR.150445
_cDEPO1
_dOlim: N-6532
942 _2udc
_cMONOGRAFIA
999 _c184787
_d184787